Udržateľnosť malého podniku v ére turbulencií a zložitostí diplomová práca

Enregistré dans:
Détails bibliographiques
Auteur principal: Bielik, Alan
Collectivité auteur: Fakulta podnikového manažmentu EU. Katedra manažmentu
Autres auteurs: Mišúnová Hudáková, Ivana, 1976-
Format: Livre
Langue:slovaque
Publié: Bratislava 2024
Tags: Ajouter un tag
Pas de tags, Soyez le premier à ajouter un tag!

MARC

LEADER 00000nbm a2200000 4500
001 0300949
005 20250905103720.6
041 0 |a slo 
044 |a SK 
245 1 0 |a Udržateľnosť malého podniku v ére turbulencií a zložitostí  |b diplomová práca  |c Alan Bielik ; školiteľ: Ivana Mišúnová Hudáková 
264 1 |a Bratislava  |c 2024 
300 |a 83 s. 
100 1 |a Bielik, Alan 
700 1 |a Mišúnová Hudáková, Ivana, 1976- 
710 2 |a Fakulta podnikového manažmentu EU. Katedra manažmentu